000 00499nam a2200181 a 4500
001 14610
003 CO-ViMGA
008 141112s2004 ck r 000 u spa d
020 _a9586004996
040 _aCO-ViMGA
_bspa
_cCO-ViMGA
082 0 4 _a745.5 A581h
100 1 _aAlvarez, Edgar Humberto.
_921339
245 1 0 _aLa magia de la plastilina :
_bHistoria
260 _aSta Fe de Bogotá. McGraw Hill.2000
300 _a64.p.il.
650 1 4 _aTRABAJOS MANUALES(EDUCACIÓN)
_921340
942 _2ddc
_cBK
999 _c25180
_d25180